Ecuaciones de la física matemática /

Guardado en:
Autor Principal: Godunov, S. K.
Formato: Libro
Idioma:Spanish
Russian
Publicado: Moscú : Mir, c1978.
Etiquetas: Agregar Etiqueta
Sin Etiquetas, Sea el primero en etiquetar este registro!
LEADER 00502nam a22001455a 4500
001 MAT.inmabb006702
008 120828s1978####ru#a##########000#0#spa#d
005 20120828180233.0
245 1 0 |a Ecuaciones de la física matemática /  |c S. K. Godunov ; traducido del ruso por Juán José Tolosa. 
260 |a Moscú :  |b Mir,  |c c1978. 
300 |a 478 p. :  |b il. ;  |c 23 cm. 
100 1 |a Godunov, S. K.  |q (Sergei Konstantinovich) 
084 |a 35-01 (00A69)  |2 msc2000 
041 1 |a spa  |h rus 
859 |h 35  |i G589  |p A-5277  |b BIB. MATEMATICA